000 00254nam a22001097a 4500
082 _a621.381 SUK'E
100 _aSUKHERA, M. BELAL DR
_957533
245 _aEXPERIMENTS IN ELECTRONICS
260 _aKARACHI
_bNATIONAL
_c1983
300 _a241P
942 _cBK
999 _c567808
_d567808